[Event "Tradewise Gibraltar Masters 14th"]
[Site "Gibraltar"]
[Date "2016.01.30"]
[Round "5.17"]
[White "Ganguly, Surya Shekhar"]
[Black "Ly, Moulthun"]
[Result "0-1"]
[WhiteElo "2660"]
[BlackElo "2474"]
[PlyCount "153"]
[EventDate "2016.01.26"]
[EventType "swiss"]
[EventRounds "10"]
[EventCountry "GGB"]
[Source "www.saund.co.uk"]
[SourceDate "2005.02.07"]

1. e4 c5 2. Nf3 e6 3. d4 cxd4 4. Nxd4 Nc6 5. Nc3 Qc7 6. Be3 a6 7. Qf3 d6 8. Be2
Nf6 9. O-O Be7 10. Qg3 O-O 11. f4 Nxd4 12. Bxd4 b5 13. a3 Bb7 14. Rad1 Rad8 15.
Bf3 Kh8 16. Rfe1 Rg8 17. Kh1 Nd7 18. Bh5 Rdf8 19. e5 dxe5 20. fxe5 Bc5 21. Qe3
Bxd4 22. Rxd4 f6 23. exf6 gxf6 24. Bf3 Bxf3 25. Qxf3 Ne5 26. Qh3 f5 27. Qh4 Qg7
28. Qg3 Ng4 29. Rd6 f4 30. Qf3 Ne5 31. Qe4 Nc4 32. Rd4 f3 33. g3 Nxb2 34. Nd1
Nc4 35. Rd3 f2 36. Rf1 Ne5 37. Rd6 Ng4 38. Rxe6 Nxh2 39. Rxf2 Nf1 40. Qe5 Nxg3+
41. Kh2 Qxe5 42. Rxe5 Rd8 43. Re3 Rxd1 44. Rxg3 Rh1+ 45. Kxh1 Rxg3 46. a4 bxa4
47. Rf4 Rg6 48. Rxa4 Kg7 49. Kh2 Kf7 50. Rh4 h6 51. Ra4 Ke7 52. Kh3 Kd7 53. Kh4
Kc7 54. Kh5 Rf6 55. Kg4 Kb6 56. c4 Kc5 57. Kh5 Kd4 58. Kg4 Kc3 59. c5 Rc6 60.
Kf3 Kb3 61. Rd4 Rxc5 62. Rd6 a5 63. Rxh6 Re5 64. Rb6+ Ka3 65. Rb8 a4 66. Kf2
Ka2 67. Rb4 a3 68. Rb8 Ka1 69. Rb3 a2 70. Rb6 Rh5 71. Ke2 Rh1 72. Kd3 Rb1 73.
Rg6 Kb2 74. Rb6+ Kc1 75. Rc6+ Kd1 76. Rg6 Ke1 77. Kd4 0-1

[Event "Tradewise Gibraltar Masters 14th"]
[Site "Gibraltar"]
[Date "2016.01.30"]
[Round "5.18"]
[White "Vidit, Santosh Gujrathi"]
[Black "Pogonina, Natalija"]
[Result "1-0"]
[WhiteElo "2642"]
[BlackElo "2454"]
[PlyCount "79"]
[EventDate "2016.01.26"]
[EventType "swiss"]
[EventRounds "10"]
[EventCountry "GGB"]
[Source "www.saund.co.uk"]
[SourceDate "2005.02.07"]

1. d4 d5 2. c4 e6 3. Nf3 Nf6 4. g3 dxc4 5. Bg2 Bb4+ 6. Bd2 a5 7. Qc2 Bxd2+ 8.
Qxd2 c6 9. a4 Ne4 10. Qc1 Nd6 11. O-O O-O 12. Rd1 Na6 13. Na3 Nb4 14. Ne5 Qc7
15. Naxc4 Nxc4 16. Qxc4 Rd8 17. Rac1 Bd7 18. Qc5 Be8 19. Nc4 Nd5 20. Bxd5 Rxd5
21. Qb6 Qd8 22. e4 Rd7 23. e5 Ra6 24. Qb3 Rd5 25. Qxb7 Ra8 26. Nd6 Rb8 27. Qa6
Bd7 28. Qe2 Qb6 29. Qh5 Rf8 30. Nc4 Qb4 31. Ne3 Qxb2 32. Rb1 Qc3 33. Qh4 Qa3
34. Ra1 Qb3 35. Qe7 Re8 36. Qa3 Qb6 37. Nxd5 cxd5 38. Qd6 Qa7 39. Rdc1 Bc8 40.
Rc5 1-0

[Event "Tradewise Gibraltar Masters 14th"]
[Site "Gibraltar"]
[Date "2016.01.30"]
[Round "5.19"]
[White "Aravindh, Chithambaram Vr"]
[Black "Anton Guijarro, David"]
[Result "0-1"]
[WhiteElo "2500"]
[BlackElo "2639"]
[PlyCount "78"]
[EventDate "2016.01.26"]
[EventType "swiss"]
[EventRounds "10"]
[EventCountry "GGB"]
[Source "www.saund.co.uk"]
[SourceDate "2005.02.07"]

1. e4 c5 2. Nf3 e6 3. b3 b6 4. Bb2 Bb7 5. Nc3 Nc6 6. Bb5 Nd4 7. Bd3 Nf6 8. O-O
Nxf3+ 9. Qxf3 Bd6 10. Nb5 Bb8 11. Qh3 Nxe4 12. Bxe4 Bxe4 13. Rae1 Bc6 14. Bxg7
Rg8 15. Qxh7 Rxg7 16. Qh8+ Ke7 17. Qxg7 Bxb5 18. c4 Bc6 19. Qg5+ f6 20. Qg7+
Kd6 21. b4 a6 22. a4 cxb4 23. d4 Kc7 24. Rxe6 Kb7 25. Rxf6 b3 26. a5 bxa5 27.
d5 Bxd5 28. Rh6 Bc6 29. Rd1 Bc7 30. Qc3 Qg5 31. Qxb3+ Ka7 32. Rxc6 dxc6 33. h4
Qe5 34. g3 Rf8 35. h5 Qc5 36. Qb2 Rf7 37. Kg2 Bb6 38. f4 Qxh5 39. Rd6 Rh7 0-1

[Event "Tradewise Gibraltar Masters 14th"]
[Site "Gibraltar"]
[Date "2016.01.30"]
[Round "5.20"]
[White "Salem, AR Saleh"]
[Black "Kelires, Andreas"]
[Result "0-1"]
[WhiteElo "2627"]
[BlackElo "2444"]
[PlyCount "84"]
[EventDate "2016.01.26"]
[EventType "swiss"]
[EventRounds "10"]
[EventCountry "GGB"]
[Source "www.saund.co.uk"]
[SourceDate "2005.02.07"]

1. d4 Nf6 2. c4 e6 3. Nf3 Bb4+ 4. Nbd2 b6 5. a3 Bxd2+ 6. Qxd2 Bb7 7. e3 O-O 8.
Be2 Ne4 9. Qc2 f5 10. O-O Rf6 11. b4 Rh6 12. d5 exd5 13. cxd5 Bxd5 14. Rd1 Bb7
15. Bb2 d5 16. Rac1 c6 17. g3 Nd7 18. Qb3 Qe7 19. Rxd5 cxd5 20. Rc7 Nd6 21. Ba6
Rc8 22. Rxb7 Nxb7 23. Bxb7 Rf8 24. Bxd5+ Kh8 25. Nd4 Rd6 26. h4 Qe8 27. Bg2 Ne5
28. Qc3 Qd7 29. b5 Rc8 30. Qb3 h6 31. a4 Rc7 32. Bh3 Rxd4 33. exd4 Nc4 34. Bc1
Qxd4 35. Bf4 Re7 36. Qb4 Qe4 37. Kh2 Ne5 38. Qd6 Nf3+ 39. Kh1 Nxh4+ 40. Kg1
Nf3+ 41. Kh1 Qe1+ 42. Kg2 Qg1+ 0-1

[Event "Tradewise Gibraltar Masters 14th"]
[Site "Gibraltar"]
[Date "2016.01.30"]
[Round "5.21"]
[White "Gunina, Valentina"]
[Black "Bachmann, Axel"]
[Result "1/2-1/2"]
[WhiteElo "2496"]
[BlackElo "2610"]
[PlyCount "133"]
[EventDate "2016.01.26"]
[EventType "swiss"]
[EventRounds "10"]
[EventCountry "GGB"]
[Source "www.saund.co.uk"]
[SourceDate "2005.02.07"]

1. d4 Nf6 2. c4 e6 3. Nf3 Bb4+ 4. Bd2 a5 5. g3 b6 6. Bg2 Bb7 7. O-O O-O 8. Bf4
Be7 9. Nc3 d5 10. cxd5 exd5 11. Rc1 Na6 12. Ne5 c5 13. Qa4 cxd4 14. Qxd4 Bc5
15. Qd1 Qe7 16. Nd3 d4 17. Bxb7 Qxb7 18. Na4 Rac8 19. Qb3 Bb4 20. a3 b5 21.
axb4 bxa4 22. Qxa4 Nxb4 23. Nxb4 axb4 24. Be5 d3 25. exd3 Ng4 26. Bd4 h5 27.
Rxc8 Rxc8 28. h3 Nh6 29. Re1 Nf5 30. Ba7 Kh7 31. Qa5 g6 32. Bc5 Qf3 33. Kh2 Qd5
34. Bxb4 Qd4 35. Re2 Qxd3 36. Rd2 Qf3 37. Qd5 Nd4 38. Rxd4 Qxf2+ 39. Kh1 Qf1+
40. Kh2 Qf2+ 41. Kh1 Rc1+ 42. Rd1 Qf5 43. Be1 Qxd5+ 44. Rxd5 Rxe1+ 45. Kg2 Re2+
46. Kf3 Rxb2 47. h4 Kg7 48. Rd6 Rb5 49. Ra6 Rf5+ 50. Ke4 Rf1 51. Ra7 Kh6 52.
Ke3 Kg7 53. Rb7 Kf6 54. Ke4 Re1+ 55. Kf4 Re6 56. Ra7 Rb6 57. Ra4 Rc6 58. Rb4
Ke6 59. Ra4 Kd5 60. Ra5+ Kd4 61. g4 hxg4 62. Kxg4 Rc1 63. h5 gxh5+ 64. Kxh5
Rc5+ 65. Rxc5 Kxc5 66. Kg5 f6+ 67. Kxf6 1/2-1/2

[Event "Tradewise Gibraltar Masters 14th"]
[Site "Gibraltar"]
[Date "2016.01.30"]
[Round "5.22"]
[White "Maze, Sebastien"]
[Black "Shytaj, Luca"]
[Result "1-0"]
[WhiteElo "2591"]
[BlackElo "2443"]
[PlyCount "111"]
[EventDate "2016.01.26"]
[EventType "swiss"]
[EventRounds "10"]
[EventCountry "GGB"]
[Source "www.saund.co.uk"]
[SourceDate "2005.02.07"]

1. e4 Nf6 2. e5 Nd5 3. d4 d6 4. Nf3 dxe5 5. Nxe5 c6 6. Be2 Nd7 7. Nf3 g6 8. c4
Nc7 9. Nc3 Bg7 10. O-O O-O 11. Be3 e5 12. Qc2 exd4 13. Nxd4 Ne5 14. Rad1 Qh4
15. Qc1 h6 16. f3 Ne6 17. Ne4 Rd8 18. Nxe6 Bxe6 19. Rxd8+ Rxd8 20. Bxa7 Nd3 21.
Bxd3 Rxd3 22. Bf2 Qd8 23. b3 Bf5 24. Nc5 Rd2 25. Nxb7 Qd3 26. Nc5 Qe2 27. Qe1
Rxa2 28. Qxe2 Rxe2 29. g4 Bc2 30. b4 Bf8 31. Ra1 Rd2 32. Ra8 Kg7 33. Be3 Bxc5
34. bxc5 Rd7 35. Rc8 Ba4 36. h4 f5 37. gxf5 gxf5 38. Kf2 Kg6 39. Rg8+ Kh7 40.
Re8 Bb3 41. Rc8 Ba4 42. h5 Kg7 43. Re8 Bb3 44. Re6 Bxc4 45. Bxh6+ Kg8 46. Rxc6
Bf7 47. Rc8+ Kh7 48. c6 Rd4 49. Be3 Rc4 50. Rc7 Kg8 51. h6 f4 52. Bd2 Bd5 53.
Rg7+ Kh8 54. c7 Rc2 55. Ke2 Rc6 56. Re7 1-0

[Event "Tradewise Gibraltar Masters 14th"]
[Site "Gibraltar"]
[Date "2016.01.30"]
[Round "5.23"]
[White "Padmini, Rout"]
[Black "Sandipan, Chanda"]
[Result "1/2-1/2"]
[WhiteElo "2427"]
[BlackElo "2583"]
[PlyCount "98"]
[EventDate "2016.01.26"]
[EventType "swiss"]
[EventRounds "10"]
[EventCountry "GGB"]
[Source "www.saund.co.uk"]
[SourceDate "2005.02.07"]

1. e4 e5 2. Nf3 Nf6 3. Nc3 Bb4 4. d3 d5 5. exd5 Nxd5 6. Bd2 Nc6 7. g3 Bxc3 8.
Bxc3 Bg4 9. h3 Nxc3 10. bxc3 Bh5 11. Bg2 O-O 12. O-O f5 13. Qb1 Rb8 14. Qb5 Qf6
15. Rab1 e4 16. dxe4 Bxf3 17. Bxf3 f4 18. gxf4 Qxf4 19. Bg2 Kh8 20. Qe2 Ne5 21.
Qe3 Qxe3 22. fxe3 Rfe8 23. Rbd1 g6 24. Rd5 c6 25. Rd6 Rbd8 26. Rd4 Rc8 27. Kf2
Rf8+ 28. Kg3 Rxf1 29. Bxf1 Rf8 30. Be2 Kg7 31. Rd6 Re8 32. h4 h6 33. Kf4 Re7
34. Rd8 Nf7 35. Ra8 a6 36. Rb8 Kf6 37. a4 g5+ 38. hxg5+ hxg5+ 39. Kf3 Nd6 40.
Bd3 c5 41. Rd8 Re6 42. c4 b6 43. Rf8+ Ke7 44. Rb8 Nf7 45. Kg4 Kf6 46. Rf8 a5
47. Kh5 Kg7 48. Rb8 Kf6 49. Rf8 Kg7 1/2-1/2

[Event "Tradewise Gibraltar Masters 14th"]
[Site "Gibraltar"]
[Date "2016.01.30"]
[Round "5.24"]
[White "Christiansen, Johan-Sebastian"]
[Black "Grigoriants, Sergey"]
[Result "0-1"]
[WhiteElo "2374"]
[BlackElo "2580"]
[PlyCount "110"]
[EventDate "2016.01.26"]
[EventType "swiss"]
[EventRounds "10"]
[EventCountry "GGB"]
[Source "www.saund.co.uk"]
[SourceDate "2005.02.07"]

1. Nf3 d5 2. c4 d4 3. b4 Bg4 4. d3 Bxf3 5. gxf3 e6 6. Qb3 Ne7 7. Bg2 Nf5 8. O-O
Bd6 9. f4 c6 10. c5 Be7 11. Nd2 Nd7 12. Ne4 O-O 13. Bd2 Qc7 14. Rfc1 Nh4 15.
Rc4 e5 16. fxe5 Nxe5 17. Rxd4 Nf5 18. Rc4 Nxc4 19. Qxc4 Nh4 20. Bh3 Ng6 21. Rb1
Rad8 22. b5 Rd5 23. bxc6 bxc6 24. Bg2 Rh5 25. h3 Nh4 26. Bf1 Ng6 27. Bg2 Rb8
28. Rb3 Rxb3 29. axb3 a5 30. Be3 Nh4 31. Ng3 Nxg2 32. Nxh5 Nxe3 33. fxe3 Qe5
34. Qe4 Qxe4 35. dxe4 Bxc5 36. Kf2 Bd6 37. Nf4 Kf8 38. Nd3 f6 39. Nb2 Ke7 40.
Nc4 Bc7 41. Kf3 Ke6 42. Kg4 g6 43. Kf3 h5 44. Nb2 g5 45. Nd3 Bd6 46. Nb2 Be5
47. Nc4 Bc3 48. Kf2 Kd7 49. Kf3 c5 50. e5 fxe5 51. Ke4 g4 52. hxg4 hxg4 53. Kd3
g3 54. Kxc3 e4 55. Ne5+ Kc7 0-1

[Event "Tradewise Gibraltar Masters 14th"]
[Site "Gibraltar"]
[Date "2016.01.30"]
[Round "5.25"]
[White "Donchenko, Alexander"]
[Black "Almagro Llamas, Pablo"]
[Result "1-0"]
[WhiteElo "2570"]
[BlackElo "2429"]
[PlyCount "53"]
[EventDate "2016.01.26"]
[EventType "swiss"]
[EventRounds "10"]
[EventCountry "GGB"]
[Source "www.saund.co.uk"]
[SourceDate "2005.02.07"]

1. Nf3 Nf6 2. g3 d5 3. Bg2 g6 4. c4 c6 5. b3 Bg7 6. Bb2 O-O 7. O-O b6 8. d4 Bb7
9. Nc3 Nbd7 10. Ne5 e6 11. cxd5 exd5 12. Nd3 Re8 13. Rc1 h5 14. e3 a5 15. Ba3
Ba6 16. Re1 Ng4 17. Nf4 Rc8 18. e4 b5 19. b4 Nb6 20. bxa5 Nc4 21. Bb4 dxe4 22.
Nxe4 Bxd4 23. h3 c5 24. hxg4 cxb4 25. gxh5 g5 26. Nd5 Bb2 27. Nef6+ 1-0

[Event "Tradewise Gibraltar Masters 14th"]
[Site "Gibraltar"]
[Date "2016.01.30"]
[Round "5.26"]
[White "Siva, Mahadevan"]
[Black "Oparin, Grigoriy"]
[Result "1/2-1/2"]
[WhiteElo "2370"]
[BlackElo "2565"]
[PlyCount "82"]
[EventDate "2016.01.26"]
[EventType "swiss"]
[EventRounds "10"]
[EventCountry "GGB"]
[Source "www.saund.co.uk"]
[SourceDate "2005.02.07"]

1. e4 c5 2. Nf3 d6 3. d4 cxd4 4. Nxd4 Nf6 5. Nc3 a6 6. Be2 e5 7. Nb3 Be7 8. Be3
Be6 9. Nd5 Nxd5 10. exd5 Bf5 11. Qd2 Nd7 12. Na5 Qc7 13. c4 O-O 14. O-O e4 15.
Rac1 Ne5 16. b4 b6 17. Nb3 a5 18. bxa5 bxa5 19. Nd4 Bg6 20. c5 dxc5 21. Nb5 Qd7
22. d6 Bf6 23. Nc7 Rab8 24. Nd5 c4 25. Nxf6+ gxf6 26. Bxc4 Rfd8 27. Rfd1 Nd3
28. Bxd3 exd3 29. Bf4 Rb4 30. Bg3 h5 31. h3 h4 32. Bh2 Kg7 33. a3 Ra4 34. Rc5
Rxa3 35. Rxa5 Rxa5 36. Qxa5 Rc8 37. Qb4 Qe6 38. Bf4 Rc4 39. Qd2 Qe2 40. Bh6+
Kh7 41. Be3 Rc6 1/2-1/2

[Event "Tradewise Gibraltar Masters 14th"]
[Site "Gibraltar"]
[Date "2016.01.30"]
[Round "5.27"]
[White "Tari, Aryan"]
[Black "Esserman, Marc"]
[Result "1-0"]
[WhiteElo "2556"]
[BlackElo "2419"]
[PlyCount "75"]
[EventDate "2016.01.26"]
[EventType "swiss"]
[EventRounds "10"]
[EventCountry "GGB"]
[Source "www.saund.co.uk"]
[SourceDate "2005.02.07"]

1. e4 c5 2. Nf3 d6 3. d4 cxd4 4. Nxd4 Nf6 5. Nc3 a6 6. Bg5 e6 7. f4 Be7 8. Qf3
Qc7 9. O-O-O Nbd7 10. g4 b5 11. Bxf6 Nxf6 12. g5 Nd7 13. f5 O-O 14. h4 b4 15.
Nce2 exf5 16. exf5 Bb7 17. Qh3 Bxh1 18. Qxh1 d5 19. Qxd5 Rad8 20. Ne6 fxe6 21.
Qxe6+ Kh8 22. Qxe7 Rfe8 23. Qf7 Rf8 24. Qe7 Rc8 25. Nd4 Rfe8 26. Qxb4 Qf4+ 27.
Qd2 Qxh4 28. Bxa6 Ra8 29. Bb5 Rxa2 30. Nb3 Ra7 31. Bxd7 Rd8 32. Qe2 Qxg5+ 33.
Kb1 h5 34. Rh1 h4 35. Bb5 Re7 36. Qc4 g6 37. Rxh4+ Rh7 38. Qc3+ 1-0

[Event "Tradewise Gibraltar Masters 14th"]
[Site "Gibraltar"]
[Date "2016.01.30"]
[Round "5.28"]
[White "Naiditsch, Arkadij"]
[Black "Akesson, Ralf"]
[Result "0-1"]
[WhiteElo "2696"]
[BlackElo "2435"]
[PlyCount "56"]
[EventDate "2016.01.26"]
[EventType "swiss"]
[EventRounds "10"]
[EventCountry "GGB"]
[Source "www.saund.co.uk"]
[SourceDate "2005.02.07"]

1. e4 e6 2. d4 d5 3. Nd2 dxe4 4. Nxe4 Bd7 5. Nf3 Bc6 6. Bd3 Nd7 7. O-O Ngf6 8.
Ng3 Be7 9. b3 O-O 10. Bb2 Bxf3 11. Qxf3 c6 12. c4 Re8 13. Rad1 Qc7 14. Bb1 Rad8
15. h4 Nf8 16. h5 h6 17. Rfe1 N8h7 18. Re3 Ng5 19. Qe2 Qf4 20. Qc2 Qh4 21. Rde1
Ng4 22. Re4 Bd6 23. Re5 Nxe5 24. dxe5 Bc5 25. Kf1 Bb6 26. Re2 Rd7 27. a3 Bxf2
28. Ne4 Rd1+ 0-1

[Event "Tradewise Gibraltar Masters 14th"]
[Site "Gibraltar"]
[Date "2016.01.30"]
[Round "5.29"]
[White "Iturrizaga Bonelli, Eduardo"]
[Black "Tischbierek, Raj"]
[Result "1-0"]
[WhiteElo "2624"]
[BlackElo "2433"]
[PlyCount "65"]
[EventDate "2016.01.26"]
[EventType "swiss"]
[EventRounds "10"]
[EventCountry "GGB"]
[Source "www.saund.co.uk"]
[SourceDate "2005.02.07"]

1. Nf3 d5 2. c4 c6 3. e3 Nf6 4. Nc3 g6 5. d4 Bg7 6. h3 O-O 7. Bd3 c5 8. O-O
cxd4 9. exd4 Nc6 10. a3 dxc4 11. Bxc4 b6 12. Re1 Bb7 13. Ba2 e6 14. Bg5 h6 15.
Bh4 Ne7 16. Ne5 Nf5 17. Bxf6 Qxf6 18. d5 Rad8 19. Qa4 exd5 20. Qxa7 Ba8 21. Nd7
Qg5 22. Nxf8 Nh4 23. g3 Nf3+ 24. Kf1 Qf5 25. Re3 Qxh3+ 26. Ke2 Nd4+ 27. Kd2 Qf5
28. Nxg6 fxg6 29. Qxb6 Qxf2+ 30. Ne2 Rc8 31. Qxg6 Bc6 32. Rc1 Nxe2 33. Qe6+ 1-0

[Event "Tradewise Gibraltar Masters 14th"]
[Site "Gibraltar"]
[Date "2016.01.30"]
[Round "5.30"]
[White "Erdos, Viktor"]
[Black "Satyapragyan, Swayangsu"]
[Result "1/2-1/2"]
[WhiteElo "2613"]
[BlackElo "2410"]
[PlyCount "70"]
[EventDate "2016.01.26"]
[EventType "swiss"]
[EventRounds "10"]
[EventCountry "GGB"]
[Source "www.saund.co.uk"]
[SourceDate "2005.02.07"]

1. Nf3 c5 2. c4 Nc6 3. Nc3 g6 4. e3 Nf6 5. d4 cxd4 6. exd4 d5 7. cxd5 Nxd5 8.
Qb3 e6 9. Bb5 Bg7 10. O-O O-O 11. Bxc6 bxc6 12. Na4 Ba6 13. Re1 Nb6 14. Nc5 Bc4
15. Qc3 Bd5 16. Ne5 Qh4 17. b3 Rfe8 18. f3 Nc8 19. Be3 Nd6 20. Rad1 Nf5 21. Bf2
Qe7 22. Rc1 Rac8 23. Rc2 Red8 24. Qa5 Qg5 25. Kh1 Nh4 26. Bg3 Nf5 27. Bf2 Nh4
28. Be3 Qf5 29. Rf2 Bxe5 30. dxe5 Nxf3 31. gxf3 Bxf3+ 32. Kg1 Qg4+ 33. Kf1 Qh3+
34. Kg1 Qg4+ 35. Kf1 Qh3+ 1/2-1/2

[Event "Tradewise Gibraltar Masters 14th"]
[Site "Gibraltar"]
[Date "2016.01.30"]
[Round "5.31"]
[White "Tregubov, Pavel V"]
[Black "Nezad, Husein Aziz"]
[Result "1-0"]
[WhiteElo "2582"]
[BlackElo "2422"]
[PlyCount "107"]
[EventDate "2016.01.26"]
[EventType "swiss"]
[EventRounds "10"]
[EventCountry "GGB"]
[Source "www.saund.co.uk"]
[SourceDate "2005.02.07"]

1. d4 Nf6 2. c4 g6 3. g3 c5 4. Nf3 Bg7 5. Bg2 cxd4 6. Nxd4 O-O 7. O-O d5 8.
cxd5 Nxd5 9. Nb3 Nb4 10. Bd2 N8c6 11. Nc3 Bf5 12. Rc1 Rc8 13. a3 Na6 14. Be3 b6
15. Nb5 Nab8 16. N3d4 Nxd4 17. Rxc8 Qxc8 18. Nxd4 Bh3 19. Bxh3 Qxh3 20. Qa4 a6
21. Qb4 e5 22. Nf3 b5 23. Rd1 Nc6 24. Qd6 Rc8 25. Rc1 Qe6 26. Qxe6 fxe6 27. Ng5
e4 28. Rc2 Ne7 29. Rxc8+ Nxc8 30. b3 Nd6 31. Nxe6 Bb2 32. a4 bxa4 33. bxa4 Nc4
34. Nc5 Nxe3 35. fxe3 Ba3 36. Nxe4 Be7 37. Nd2 Kf7 38. e4 Ke6 39. Kf2 Bc5+ 40.
e3 h5 41. h3 Bd6 42. g4 Be7 43. Nc4 Bf6 44. Kf3 Bg5 45. Nb2 hxg4+ 46. hxg4 Be7
47. Nd3 g5 48. Ke2 Kd6 49. Kd2 Bd8 50. Kc3 Bb6 51. Nb4 Ba5 52. Kc4 Ke5 53. Nc6+
Kxe4 54. Nxa5 1-0

[Event "Tradewise Gibraltar Masters 14th"]
[Site "Gibraltar"]
[Date "2016.01.30"]
[Round "5.32"]
[White "Perez Ponsa, Federico"]
[Black "Codenotti, Marco"]
[Result "1-0"]
[WhiteElo "2577"]
[BlackElo "2406"]
[PlyCount "75"]
[EventDate "2016.01.26"]
[EventType "swiss"]
[EventRounds "10"]
[EventCountry "GGB"]
[Source "www.saund.co.uk"]
[SourceDate "2005.02.07"]

1. e4 e5 2. Nf3 Nc6 3. Bb5 Nf6 4. d3 Bc5 5. Bxc6 dxc6 6. Nbd2 Qe7 7. Nc4 Nd7 8.
Qe2 O-O 9. Bd2 b5 10. Ne3 Bxe3 11. Bxe3 Nb6 12. Qd2 Rd8 13. Qc3 f6 14. Qxc6
Qb4+ 15. Ke2 Bd7 16. Qc5 Qxc5 17. Bxc5 Na4 18. Be7 Re8 19. Ba3 a5 20. b3 b4 21.
Bc1 Nc3+ 22. Ke3 Nb5 23. a4 Nd6 24. Bb2 Ra6 25. Rhg1 h5 26. h3 Kf7 27. Nh2 g5
28. h4 gxh4 29. Raf1 f5 30. Nf3 fxe4 31. dxe4 Ke7 32. Nxe5 Bc8 33. Rh1 Nf7 34.
Rxh4 Nxe5 35. Bxe5 Rc6 36. Rxh5 Rxc2 37. Rh7+ Ke6 38. Rxc7 1-0

[Event "Tradewise Gibraltar Masters 14th"]
[Site "Gibraltar"]
[Date "2016.01.30"]
[Round "5.33"]
[White "Lalith, Babu M R"]
[Black "Kohlweyer, Bernd"]
[Result "1/2-1/2"]
[WhiteElo "2553"]
[BlackElo "2404"]
[PlyCount "82"]
[EventDate "2016.01.26"]
[EventType "swiss"]
[EventRounds "10"]
[EventCountry "GGB"]
[Source "www.saund.co.uk"]
[SourceDate "2005.02.07"]

1. Nf3 d5 2. d4 Nf6 3. c4 c6 4. Nc3 dxc4 5. a4 e6 6. g3 c5 7. Bg2 Nc6 8. dxc5
Qxd1+ 9. Nxd1 Bxc5 10. a5 Nd5 11. O-O Bd7 12. Nc3 Nxc3 13. bxc3 Rc8 14. Nd2 Nd8
15. Rd1 Bc6 16. Ne4 Bxe4 17. Bxe4 Rc7 18. Bf4 Rd7 19. Rxd7 Kxd7 20. a6 bxa6 21.
Rxa6 f5 22. Bf3 Nf7 23. e4 fxe4 24. Bxe4 Bb6 25. Be3 Bxe3 26. fxe3 Ke7 27.
Rxa7+ Kf6 28. Rc7 Ne5 29. Kf2 h5 30. h4 Rd8 31. Ke2 Rd6 32. Rb7 Ra6 33. Bb1 Ra3
34. Kd2 Nf3+ 35. Kc2 Ra5 36. Rb8 Ne5 37. Kd2 Ra3 38. Rb7 Nf3+ 39. Kc2 Ne5 40.
Kd2 Nf3+ 41. Kc2 Ne5 1/2-1/2

[Event "Tradewise Gibraltar Masters 14th"]
[Site "Gibraltar"]
[Date "2016.01.30"]
[Round "5.34"]
[White "Gaponenko, Inna"]
[Black "Kosteniuk, Alexandra"]
[Result "1/2-1/2"]
[WhiteElo "2393"]
[BlackElo "2550"]
[PlyCount "90"]
[EventDate "2016.01.26"]
[EventType "swiss"]
[EventRounds "10"]
[EventCountry "GGB"]
[Source "www.saund.co.uk"]
[SourceDate "2005.02.07"]

1. e4 c5 2. Nf3 Nc6 3. d4 cxd4 4. Nxd4 Nf6 5. Nc3 d6 6. Bg5 e6 7. Qd2 a6 8.
O-O-O h6 9. Bf4 Bd7 10. Nxc6 Bxc6 11. f3 d5 12. exd5 Nxd5 13. Nxd5 Qxd5 14.
Qxd5 Bxd5 15. c4 Rc8 16. Kb1 Bc6 17. Bd3 Bb4 18. a3 Ba5 19. b4 Bc7 20. Bxc7
Rxc7 21. Rd2 Ba4 22. Bc2 Bxc2+ 23. Rxc2 Ke7 24. Rd1 g5 25. Kb2 h5 26. h3 g4 27.
hxg4 hxg4 28. fxg4 Rh4 29. Rd4 Rd7 30. Rf4 f5 31. Rcf2 Rxg4 32. Rxg4 fxg4 33.
Kc3 e5 34. Rd2 Rc7 35. c5 Ke6 36. Rd6+ Kf5 37. Kd3 Kf4 38. Rf6+ Kg3 39. Rg6
Kxg2 40. Rxg4+ Kf3 41. Rg6 e4+ 42. Kd2 e3+ 43. Ke1 Rh7 44. Rf6+ Ke4 45. Re6+
Kf3 1/2-1/2

[Event "Tradewise Gibraltar Masters 14th"]
[Site "Gibraltar"]
[Date "2016.01.30"]
[Round "5.35"]
[White "Handke, Florian"]
[Black "Kuipers, Stefan"]
[Result "1-0"]
[WhiteElo "2533"]
[BlackElo "2399"]
[PlyCount "55"]
[EventDate "2016.01.26"]
[EventType "swiss"]
[EventRounds "10"]
[EventCountry "GGB"]
[Source "www.saund.co.uk"]
[SourceDate "2005.02.07"]

1. d4 d5 2. Nf3 Nf6 3. c4 c6 4. Qb3 dxc4 5. Qxc4 Bg4 6. Nbd2 Nbd7 7. g3 e6 8.
Bg2 Be7 9. O-O O-O 10. b3 Rc8 11. Bb2 b5 12. Qc2 c5 13. Rfc1 cxd4 14. Qxc8 Qxc8
15. Rxc8 Rxc8 16. Nxd4 a6 17. h3 Bh5 18. Bb7 Rc7 19. Bxa6 e5 20. Nf5 Bb4 21. g4
Bxd2 22. gxh5 b4 23. Bc4 Ne4 24. a4 Bc3 25. Bxc3 bxc3 26. Ne7+ Kf8 27. Nd5 Ra7
28. Rc1 1-0

[Event "Tradewise Gibraltar Masters 14th"]
[Site "Gibraltar"]
[Date "2016.01.30"]
[Round "5.36"]
[White "Anurag, Mhamal"]
[Black "Al-Sayed, Mohammed"]
[Result "0-1"]
[WhiteElo "2387"]
[BlackElo "2530"]
[PlyCount "82"]
[EventDate "2016.01.26"]
[EventType "swiss"]
[EventRounds "10"]
[EventCountry "GGB"]
[Source "www.saund.co.uk"]
[SourceDate "2005.02.07"]

1. Nf3 d5 2. b3 Bg4 3. Bb2 Nd7 4. d3 Bxf3 5. gxf3 e6 6. Nd2 a5 7. a4 Ngf6 8. e3
Bd6 9. f4 e5 10. fxe5 Bxe5 11. d4 Bd6 12. Bg2 O-O 13. h4 c6 14. h5 b5 15. axb5
cxb5 16. c4 Bb4 17. Kf1 a4 18. Nb1 bxc4 19. bxc4 Nb6 20. Ba3 Bxa3 21. Nxa3 dxc4
22. Bxa8 Qxa8 23. Rg1 Qe4 24. Nb1 Nbd5 25. Nd2 Qe6 26. Nxc4 Nc3 27. Qd3 Nfe4
28. Nd2 Rb8 29. Nxe4 Nxe4 30. Rg2 h6 31. Kg1 Ng5 32. Rg3 Rb3 33. Qc2 a3 34. d5
Qe5 35. Rd1 Rb2 36. Qa4 a2 37. f4 Qf5 38. Kh1 Ne4 39. Rxg7+ Kxg7 40. Qd4+ Kh7
41. Qxb2 Qxh5+ 0-1

[Event "Tradewise Gibraltar Masters 14th"]
[Site "Gibraltar"]
[Date "2016.01.30"]
[Round "5.37"]
[White "Libiszewski, Fabien"]
[Black "Khademalsharieh, Sarasadat"]
[Result "1-0"]
[WhiteElo "2515"]
[BlackElo "2392"]
[PlyCount "91"]
[EventDate "2016.01.26"]
[EventType "swiss"]
[EventRounds "10"]
[EventCountry "GGB"]
[Source "www.saund.co.uk"]
[SourceDate "2005.02.07"]

1. c4 Nf6 2. g3 e6 3. Bg2 d5 4. Nf3 dxc4 5. Qa4+ Nbd7 6. Qxc4 a6 7. Qc2 c5 8.
Nc3 Bd6 9. d4 O-O 10. O-O Qc7 11. dxc5 Nxc5 12. Bg5 Nce4 13. Rac1 Nxg5 14. Nxg5
Be5 15. Nd5 Qxc2 16. Ne7+ Kh8 17. Rxc2 Bd7 18. Bxb7 Rab8 19. Bc6 Rxb2 20. Rxb2
Bxb2 21. Bxd7 Nxd7 22. Rd1 Ne5 23. Nf3 Nxf3+ 24. exf3 g6 25. Rd7 a5 26. Ra7 Rd8
27. Nc6 Rd1+ 28. Kg2 Rd3 29. Nxa5 Kg7 30. Nb3 h5 31. Rb7 Ba3 32. Ra7 Bb4 33.
Ra4 Be7 34. h4 Bd6 35. Rd4 Rxd4 36. Nxd4 Kf6 37. f4 e5 38. fxe5+ Kxe5 39. Nf3+
Kd5 40. Kf1 f6 41. Ke2 Bc5 42. Ne1 g5 43. Nf3 Be7 44. a4 Kc4 45. a5 g4 46. Ne1
1-0

[Event "Tradewise Gibraltar Masters 14th"]
[Site "Gibraltar"]
[Date "2016.01.30"]
[Round "5.38"]
[White "Sundararajan, Kidambi"]
[Black "Hauge, Lars Oskar"]
[Result "1/2-1/2"]
[WhiteElo "2508"]
[BlackElo "2388"]
[PlyCount "102"]
[EventDate "2016.01.26"]
[EventType "swiss"]
[EventRounds "10"]
[EventCountry "GGB"]
[Source "www.saund.co.uk"]
[SourceDate "2005.02.07"]

1. d4 e6 2. Nf3 f5 3. c4 Nf6 4. Nc3 Bb4 5. Bd2 O-O 6. g3 b6 7. Bg2 Bb7 8. O-O
Bxc3 9. Bxc3 Ne4 10. Rc1 d6 11. b4 a5 12. a3 Nxc3 13. Rxc3 Nd7 14. d5 e5 15.
Qb3 Ra7 16. Rd1 Qf6 17. Rcc1 Kh8 18. Qe3 axb4 19. axb4 Rfa8 20. Qg5 Ra4 21. Rb1
Ra2 22. Bf1 Kg8 23. Qxf6 Nxf6 24. Ng5 b5 25. cxb5 Bxd5 26. Rbc1 h6 27. Nf3 R8a7
28. Nh4 Bb3 29. b6 cxb6 30. Rxd6 b5 31. Nxf5 Bc4 32. Nxh6+ Kh7 33. Nf5 Ne4 34.
Rc6 Rf7 35. Ne3 Bxe2 36. R6c2 Rxc2 37. Rxc2 Bxf1 38. Kxf1 Rd7 39. Ng4 Rd4 40.
Nxe5 Rxb4 41. Nd3 Rb3 42. Nc5 Rb1+ 43. Ke2 Nd6 44. Nd3 Nc4 45. h4 Kg6 46. Nf4+
Kf5 47. Nd5 Nd6 48. Ne3+ Ke6 49. Nd1 Ra1 50. Ne3 Rb1 51. Nd1 Ra1 1/2-1/2